Francisi Adab (Record no. 614311)

000 -LEADER
fixed length control field 00464nam a22001577a 4500
082 ## - DEWEY DECIMAL CLASSIFICATION NUMBER
Classification number 840.9
Author Mark KHA
100 ## - MAIN ENTRY--PERSONAL NAME
Personal name Yusuf Hussain Khan
245 ## - TITLE STATEMENT
Title Francisi Adab
260 ## - PUBLICATION, DISTRIBUTION, ETC.
Place of publication, distribution, etc. Karachi:
Name of publisher, distributor, etc. Citi Book Point,
Date of publication, distribution, etc. 2020
300 ## - PHYSICAL DESCRIPTION
Extent 336 p.
Dimensions 22cm.
563 ## - BINDING INFORMATION
Binding note HB.
880 ## - ALTERNATE GRAPHIC REPRESENTATION
Linkage 100-01\(3\r
Title یوسف حسین خان
880 ## - ALTERNATE GRAPHIC REPRESENTATION
Linkage 245-02\(03\r
Title فرانسیسی ادب
880 ## - ALTERNATE GRAPHIC REPRESENTATION
Linkage 260-03\(03\r
Title کراچی:
b سٹی بُک پوائنٹ
c 2020
942 ## - ADDED ENTRY ELEMENTS (KOHA)
Source of classification or shelving scheme
Koha item type Book
Holdings
Withdrawn status Lost status Source of classification or shelving scheme Damaged status Not for loan Permanent Location Current Location Shelving location Date acquired Total Checkouts Full call number Barcode Date last seen Price effective from Koha item type
          Central Library (CL) Central Library (CL) Urdu Literature 07/12/2025   840.9 KHA CL-D-2840 07/12/2025 07/12/2025 Book
© 2023 Central Library, National University of Sciences and Technology. All Rights Reserved.